| 000 | 00604nam a22001817a 4500 | ||
|---|---|---|---|
| 005 | 20231120094933.0 | ||
| 008 | 231120b |||||||| |||| 00| 0 eng d | ||
| 020 | _a9960944212 | ||
| 040 | _c. | ||
| 082 |
_21ط _a928,1531 713J 2003 |
||
| 100 | _aالثقافي.مركز حمد الجاسر | ||
| 245 |
_aحمد الجاسر في عيون الاخرين: _b/ _cمركز حمد الجاسر الثقافي |
||
| 250 | _a1ط | ||
| 260 |
_aالرياض _bمركز حمد الجاسر الثقافي _c2003 |
||
| 300 |
_a862ص _c29سم |
||
| 650 | _zالجاسر.حمد بن محمد | ||
| 942 |
_2ddc _cBK-AR _n0 |
||
| 999 |
_c6261 _d6261 |
||